000
00179nam a2200073Ia 4500
008
170817s9999 xx 000 0 und d
100
_a
Modi.Vikas
245
0
_a
Shikshik Manovigyan
260
_b
Radha Prakashan Agra
999
_c
39246
_d
39246